Grösste Essener Unternehmen - Statistiken

Allgemein
  • Dieses Quiz wurde 38 mal gespielt
  • Das Durchschnittsergebnis liegt bei 4 aus 10
Antwortstatistiken
Mitarbeiter Unternehmen % Korrekt
2000 RWE AG
82%
3000 Thyssenkrupp AG
82%
2000 E.ON SE
68%
1200 ALDI Nord
43%
9600 Stadt Essen
43%
2000 Evonik Industries AG
39%
2000 Ruhrbahn GmbH
18%
6250 STEAG GmbH
14%
1000 Funke Mediengruppe GmbH
4%
1450 Open Grid Europe GmbH
0%
Keine übereinstimmenden Quizze gefunden
Verteilung der Resultate
Anzahl Personen mit jedem Resultat
Perzentil nach korrekt beantworteten Fragen
Ihre Resultats-Entwicklung
Sie haben dieses Quiz noch nicht gespielt